Proceedings of the conference on pulp and paper development in Africa and the near east (Record no. 53593)
[ view plain ]
| 000 -LEADER | |
|---|---|
| fixed length control field | 00587nam a22001337a 4500 |
| 008 - FIXED-LENGTH DATA ELEMENTS--GENERAL INFORMATION | |
| fixed length control field | 230209b |||||||| |||| 00| 0 eng d |
| 040 ## - CATALOGING SOURCE | |
| Original cataloging agency | National Science Library |
| Transcribing agency | National Science Library |
| 080 ## - UNIVERSAL DECIMAL CLASSIFICATION NUMBER | |
| Universal Decimal Classification number | 676(082.2)(55/569.5+6) |
| Item number | K6.1 |
| 245 ## - TITLE STATEMENT | |
| Title | Proceedings of the conference on pulp and paper development in Africa and the near east |
| Statement of responsibility, etc. | / Food and Agriculture Organization of the United Nations, held in CAIRO 8-18 March 1965, vol. I |
| 260 ## - PUBLICATION, DISTRIBUTION, ETC. | |
| Place of publication, distribution, etc. | Rome: |
| Name of publisher, distributor, etc. | Food and Agriculture Organization of the United Nations, |
| Date of publication, distribution, etc. | 1966 |
| 300 ## - PHYSICAL DESCRIPTION | |
| Extent | 454p. |
| 650 ## - SUBJECT ADDED ENTRY--TOPICAL TERM | |
| Topical term or geographic name entry element | Agriculture |
| 942 ## - ADDED ENTRY ELEMENTS (KOHA) | |
| Source of classification or shelving scheme | Universal Decimal Classification |
| Koha item type | Reference |
| Withdrawn status | Lost status | Source of classification or shelving scheme | Damaged status | Not for loan | Home library | Current library | Shelving location | Date acquired | Total Checkouts | Full call number | Barcode | Date last seen | Price effective from | Koha item type |
|---|---|---|---|---|---|---|---|---|---|---|---|---|---|---|
| Universal Decimal Classification | National Science Library | National Science Library | GF/Rk-8/C-12/R-4 | 16/12/1967 | 676(082.2)(55/569.5+6) K6.1 | 21654 | 19/07/2023 | 16/12/1967 | Reference |